| 000 | 00659nam a2200205 i 4500 | ||
|---|---|---|---|
| 001 | bg | ||
| 100 | 1 |
_aBIELECKI, Jan _d(?-2001). |
|
| 245 |
_aEncyklopedia języka C dla IBM PC. _nT. 1, _pOpis języka / _cJan Bielecki. |
||
| 260 |
_aWarszawa : _bWydawnictwa Komunikacji i Łączności, _c1989. |
||
| 300 |
_a479,[1] s. : _brys. _c24 cm. |
||
| 650 | 9 | _aC (język programowania) | |
| 020 | _a8320609194 | ||
| 040 | _cBPK | ||
| 041 | _apol | ||
| 080 | _a004.438 | ||
| 920 | _a83-206-0919-4 | ||
| 942 | _cKS | ||
| 008 | s pl f |000 0 pol | ||
| 856 |
_uhttp://koha.tu.koszalin.pl/cgi-bin/koha/opac-detail.pl?biblionumber=4446 _yKatalog online BPK |
||
| 999 |
_c4446 _d4446 |
||